| 000 | 00859nam a22002537a 4500 | ||
|---|---|---|---|
| 003 | OSt | ||
| 005 | 20180116192412.0 | ||
| 008 | 121206t1981 xxu||||| |||| 00| 0 eng d | ||
| 020 | _a9780521319713 | ||
| 020 | _a0521319714 | ||
| 040 | _c0 | ||
| 082 | _a155.9 | ||
| 100 | 1 |
_aZeisel, John ; _96039 |
|
| 245 | 1 | 0 |
_aInquiry by design : _btools for environment-behavior research / _cJohn Zeisel. |
| 260 |
_aMonterey, Calif. : _bBrooks/Cole Pub. Co., _cc1981. |
||
| 300 |
_axix, 250 p. : _bill. ; _c23 cm. |
||
| 490 | 1 | _a Environment and behavior. | |
| 650 |
_aArchitectural design _xPsychological aspects _96040 |
||
| 650 |
_aEnvironmental psychology _xResearch _96041 |
||
| 650 |
_aArchitecture _xPsychological aspects _96042 |
||
| 650 |
_aEnvironmental psychology _96043 |
||
| 942 |
_2ddc _cBK |
||
| 999 |
_c353575 _d353575 |
||